[Event "Kuala Lumpur UM KPT op"]
[Site "Kuala Lumpur"]
[Date "2016.12.18"]
[Round "7"]
[White "Razmi, Muhd Firdaus"]
[Black "Yahaya, Muhd Nurislam"]
[Result "0-1"]
[WhiteElo "1436"]
[BlackElo "1728"]
[PlyCount "94"]
[EventDate "2016.12.16"]
[EventType "swiss"]
[EventRounds "9"]
[EventCountry "MAS"]
[SourceTitle "CBM 176 Extra"]
[Source "ChessBase"]
[SourceDate "2017.03.02"]
[SourceVersion "1"]
[SourceVersionDate "2017.03.02"]
[SourceQuality "1"]

1. e4 c5 2. Nf3 a6 3. d4 cxd4 4. Nxd4 Nf6 5. Nc3 e5 6. Nb3 Bb4 7. Bg5 Bxc3+ 8. bxc3 h6 9. Bxf6 Qxf6 10. Bc4 d6 11. 0-0 0-0 12. Qe2 Nc6 13. Rad1 Kh8 14. Rd3 Rd8 15. Rfd1 Rb8 16. Qh5 b5 17. Bxf7 Rf8 18. Rf3 Qe7 19. Rdd3 Be6 20. Bxe6 Qxe6 21. Rg3 Kh7 22. Rdf3 g6 23. Qh4 a5 24. Rh3 h5 25. Rfg3 Rf4 26. Qg5 Rb7 27. Nd2 Rbf7 28. f3 Qf6 29. Qxh5+ gxh5 30. Rxh5+ Qh6 31. Rxh6+ Kxh6 32. Nf1 b4 33. c4 Nd4 34. Rh3+ Kg7 35. Ne3 Nxf3+ 36. gxf3 Rxf3 37. Rxf3 Rxf3 38. Nf5+ Kf8 39. Kg2 Rc3 40. Nxd6 Rxc2+ 41. Kf3 Rxh2 42. c5 Rxa2 43. Ke3 Rc2 44. Nb7 a4 45. Kd3 b3 46. Nd8 a3 47. c6 a2 0-1

[Event "Kuala Lumpur UM KPT op"]
[Site "Kuala Lumpur"]
[Date "2016.12.17"]
[Round "5"]
[White "Leong, Qing Ling"]
[Black "Razmi, Muhd Firdaus"]
[Result "0-1"]
[WhiteElo "1110"]
[BlackElo "1436"]
[PlyCount "86"]
[EventDate "2016.12.16"]
[EventType "swiss"]
[EventRounds "9"]
[EventCountry "MAS"]
[SourceTitle "CBM 176 Extra"]
[Source "ChessBase"]
[SourceDate "2017.03.02"]
[SourceVersion "1"]
[SourceVersionDate "2017.03.02"]
[SourceQuality "1"]

1. d4 Nf6 2. Nf3 g6 3. e3 Bg7 4. Bd3 d6 5. b3 0-0 6. Bb2 Bg4 7. Nbd2 Nc6 8. h3 Bd7 9. 0-0 Nb4 10. Be2 e6 11. a3 Nc6 12. Re1 Ne8 13. Bd3 f5 14. Rb1 e5 15. dxe5 dxe5 16. e4 f4 17. Bc4+ Kh8 18. Be2 Nd6 19. Nc4 Nxc4 20. Bxc4 Qe7 21. Qe2 a6 22. b4 Nd4 23. Bxd4 exd4 24. Qd3 Rad8 25. Rbd1 c5 26. bxc5 Qxc5 27. Qb3 b5 28. Bd3 Qh5 29. Kf1 Bxh3 30. gxh3 Qxf3 31. Qe6 Qh1+ 32. Ke2 f3+ 33. Kd2 Bh6+ 34. Re3 dxe3+ 35. fxe3 Qh2+ 36. Kc1 Bxe3+ 37. Kb1 f2 38. Qxa6 Rxd3 39. Rxd3 f1Q+ 40. Kb2 Qxd3 41. Qc6 Bd4+ 42. Kb1 Rf1+ 43. Ka2 Ra1# 0-1

[Event "Kuala Lumpur UM KPT op"]
[Site "Kuala Lumpur"]
[Date "2016.12.17"]
[Round "4"]
[White "Razmi, Muhd Firdaus"]
[Black "Yap, Ehin Dallas"]
[Result "1/2-1/2"]
[WhiteElo "1436"]
[BlackElo "1340"]
[PlyCount "192"]
[EventDate "2016.12.16"]
[EventType "swiss"]
[EventRounds "9"]
[EventCountry "MAS"]
[SourceTitle "CBM 176 Extra"]
[Source "ChessBase"]
[SourceDate "2017.03.02"]
[SourceVersion "1"]
[SourceVersionDate "2017.03.02"]
[SourceQuality "1"]

1. e4 d5 2. exd5 Qxd5 3. Nc3 Qa5 4. d4 c6 5. Bc4 Bf5 6. Nf3 Nf6 7. 0-0 e6 8. Bf4 Be7 9. Re1 0-0 10. a3 Re8 11. Qe2 Nbd7 12. b4 Qd8 13. Nh4 Bxc2 14. Qxc2 Nh5 15. Ng6 hxg6 16. Bg3 Nxg3 17. fxg3 Nb6 18. Ne2 Bf6 19. Rad1 Nxc4 20. Qxc4 Qb6 21. Kf1 Rad8 22. Rd3 Rd6 23. Red1 Red8 24. Kf2 e5 25. Kf1 exd4 26. Nc3 Re6 27. Na4 Qc7 28. Nc5 Re7 29. Re1 Rxe1+ 30. Kxe1 b6 31. Nb3 Qe7+ 32. Kd1 c5 33. bxc5 bxc5 34. Qxc5 Qxc5 35. Nxc5 Rc8 36. Nb3 Rc3 37. Rxc3 dxc3 38. Kc2 Kf8 39. Kd3 Ke8 40. Nc5 Be7 41. Ne4 Bxa3 42. Kxc3 f6 43. Kb3 Bc1 44. Nd6+ Kd7 45. Nb5 Be3 46. Kc4 g5 47. Kd3 Bg1 48. h3 f5 49. Kc4 g4 50. hxg4 fxg4 51. Nc3 Kc6 52. Ne4 a5 53. Ng5 Bf2 54. Ne6 Bxg3 55. Nxg7 Be5 56. Nf5 Kb6 57. Kd5 Bc7 58. Ne3 g3 59. Kc4 Bd6 60. Kd5 Bc5 61. Nf5 Bf2 62. Kc4 Be1 63. Nd4 Bb4 64. Nc2 Be7 65. Ne3 Bd6 66. Nf5 Bf4 67. Ne7 Bd6 68. Nf5 Kc6 69. Nd4+ Kb6 70. Nf5 Bf4 71. Ne7 Bd2 72. Nf5 Be1 73. Ne3 Kc6 74. Nc2 Bd2 75. Nd4+ Kb6 76. Kd3 Be1 77. Kc4 Bf2 78. Ne2 Kc6 79. Nf4 Be3 80. Ne2 Bf2 81. Nf4 Bc5 82. Ne2 Bd6 83. Nd4+ Kb6 84. Nf5 Be5 85. Ne3 Bd6 86. Nf5 Bc7 87. Ne7 Bd6 88. Nf5 Bc7 89. Ne7 Kb7 90. Kb5 Ka7 91. Nc6+ Kb7 92. Nxa5+ Bxa5 93. Kxa5 Kc6 94. Kb4 Kd5 95. Kc3 Ke4 96. Kd2 Kd4 1/2-1/2

[Event "Kuala Lumpur UM KPT op"]
[Site "Kuala Lumpur"]
[Date "2016.12.16"]
[Round "3"]
[White "Chin, Yi Hao"]
[Black "Razmi, Muhd Firdaus"]
[Result "1-0"]
[WhiteElo "1442"]
[BlackElo "1436"]
[PlyCount "36"]
[EventDate "2016.12.16"]
[EventType "swiss"]
[EventRounds "9"]
[EventCountry "MAS"]
[SourceTitle "CBM 176 Extra"]
[Source "ChessBase"]
[SourceDate "2017.03.02"]
[SourceVersion "1"]
[SourceVersionDate "2017.03.02"]
[SourceQuality "1"]

1. e4 c5 2. c3 d5 3. exd5 Qxd5 4. Nf3 Nc6 5. d4 Nf6 6. Be2 Bf5 7. 0-0 e6 8. Be3 Ng4 9. Bf4 cxd4 10. cxd4 Be7 11. Nc3 Qa5 12. Qb3 Qb4 13. Qxb4 Nxb4 14. Bb5+ Nc6 15. d5 exd5 16. Nxd5 Bd8 17. Rfe1+ Kf8 18. Bd6+ Kg8 1-0